Estudio económico para la determinación del salario mínimo en la actividad de salones de belleza y barberías

Encuesta a propietarios y trabajadores para fijar salario mínimo, Guatemala 1972, resultados de una encuesta directa a propietarios, administradores o contadores de salones de belleza, en donde se estableció el monto de los salarios, sus formas de pago, número de trabajadores, niveles de ocupación,...

詳細記述

保存先:
書誌詳細
団体著者: Guatemala. Ministerio de Tabajo y Previsión Social. Comisión Nacional de Salario. Departamento Nacional de Salarios
フォーマット: テキスト
出版事項: Guatemala: Ministerio de Trabajo y Previsión Social
主題:
タグ: タグ追加
タグなし, このレコードへの初めてのタグを付けませんか!

MARC

LEADER 00000 a a2200000 04500
001 19689
003
040
090 |a 078800  
110 |a Guatemala. Ministerio de Tabajo y Previsión Social. Comisión Nacional de Salario. Departamento Nacional de Salarios  
245 |a Estudio económico para la determinación del salario mínimo en la actividad de salones de belleza y barberías  
260 |a Guatemala:   |b Ministerio de Trabajo y Previsión Social  
300 |a 60 p.  
520 |a Encuesta a propietarios y trabajadores para fijar salario mínimo, Guatemala 1972, resultados de una encuesta directa a propietarios, administradores o contadores de salones de belleza, en donde se estableció el monto de los salarios, sus formas de pago, número de trabajadores, niveles de ocupación, horarios de trabajos, costos y la utilidad o pérdida del ejercicio respectivo./ALLV  
650 |a SALARIO MINIMO  
650 |a DETERMINACION DEL SALARIO  
999 |c 2712  |d 2712